000
00219 a2200097 4500
001
17082
100
_a
Kaufman Milton
245
_a
handbook of Electronics
260
_a
New York
_b
McGraw hill
_c
090
_c
12727
_d
12727
942
_a
NUST-CAE
_c
M
_c
3033
999
_c
252155
_d
252155